000 00408pab a2200169 454500
008 180718b1996 xxu||||| |||| 00| 0 eng d
100 _aSingh, O.N.
245 _aWorking capital finance in agriculture
260 _c1996
300 _ap.14-18
362 _aNov
650 _aAgricultural credit - India
650 _aAgriculture - India
650 _aAgriculture
773 _aYojana
909 _a32908
999 _c32908
_d32908